[Event "HUN-chT2 Erkel 1819"]
[Site "Hungary"]
[Date "2019.04.28"]
[Round "9.5"]
[White "Sillye, Kalman"]
[Black "Kovacs, Daniel1111"]
[Result "1/2-1/2"]
[WhiteElo "2030"]
[BlackElo "2019"]
[PlyCount "54"]
[EventDate "2018.10.28"]
[EventType "team-tourn"]
[EventRounds "9"]
[EventCountry "HUN"]
[SourceTitle "EXT 2021"]
[Source "ChessBase"]
[SourceDate "2020.10.23"]
[SourceVersion "1"]
[SourceVersionDate "2020.10.23"]
[SourceQuality "1"]
[WhiteTeam "Szada GSBE"]
[BlackTeam "Andornaktalya"]
[WhiteTeamCountry "HUN"]
[BlackTeamCountry "HUN"]

1. d4 d5 2. Bf4 Nf6 3. e3 e6 4. Nf3 Bd6 5. Bd3 c5 6. dxc5 Bxf4 7. exf4 Qa5+ 8. c3 Qxc5 9. Nbd2 Nc6 10. Nb3 Qd6 11. Qd2 0-0 12. 0-0 e5 13. fxe5 Nxe5 14. Nxe5 Qxe5 15. Rfe1 Qd6 16. Nd4 Bd7 17. f3 h6 18. Re2 Rfe8 19. Rae1 Rxe2 20. Rxe2 Re8 21. Rxe8+ Nxe8 22. g3 Nc7 23. Kg2 Ne6 24. Nf5 Qe5 25. Be2 Bc6 26. Nd4 Nxd4 27. cxd4 Qe6 1/2-1/2

[Event "HUN-chT2 Erkel 1819"]
[Site "Hungary"]
[Date "2018.11.18"]
[Round "2.2"]
[White "Prorok, Marton"]
[Black "Sillye, Kalman"]
[Result "1/2-1/2"]
[WhiteElo "2315"]
[BlackElo "2030"]
[PlyCount "79"]
[EventDate "2018.10.28"]
[EventType "team-tourn"]
[EventRounds "9"]
[EventCountry "HUN"]
[SourceTitle "EXT 2021"]
[Source "ChessBase"]
[SourceDate "2020.10.23"]
[SourceVersion "1"]
[SourceVersionDate "2020.10.23"]
[SourceQuality "1"]
[WhiteTeam "Sarkany DSE"]
[BlackTeam "Szada GSBE"]
[WhiteTeamCountry "HUN"]
[BlackTeamCountry "HUN"]

1. e4 c5 2. f4 d5 3. Nf3 dxe4 4. Ng5 Nf6 5. Bc4 e6 6. Nc3 Be7 7. Ncxe4 Nxe4 8. Nxe4 0-0 9. c3 b6 10. d3 Bb7 11. Qe2 Nd7 12. Be3 Nf6 13. Ng5 Nd5 14. Ne4 Qc7 15. Bd2 Nxf4 16. Qf2 Ng6 17. 0-0 Qd7 18. a4 Ne5 19. Qg3 Bxe4 20. Qxe5 Bf5 21. Bb5 Qd6 22. Rxf5 exf5 23. Qxf5 Rad8 24. Bf4 Qg6 25. Qh3 Bd6 26. Bd2 Bb8 27. Rf1 Rd6 28. d4 Rf6 29. Re1 Qf5 30. Qxf5 Rxf5 31. Re7 cxd4 32. cxd4 Rd8 33. g3 h5 34. Bc3 g5 35. Bc6 g4 36. Be4 Rf6 37. d5 Rh6 38. Bd2 Rh8 39. Bc3 Rh6 40. Bd2 1/2-1/2

[Event "HUN-chT2 Erkel 1718"]
[Site "Hungary"]
[Date "2018.05.06"]
[Round "11.5"]
[White "Sillye, Kalman"]
[Black "Fordan, Tibor"]
[Result "0-1"]
[WhiteElo "2039"]
[BlackElo "2169"]
[PlyCount "102"]
[EventDate "2017.09.24"]
[EventType "team-tourn"]
[EventRounds "11"]
[EventCountry "HUN"]
[SourceTitle "EXT 2021"]
[Source "ChessBase"]
[SourceDate "2020.10.23"]
[SourceVersion "1"]
[SourceVersionDate "2020.10.23"]
[SourceQuality "1"]
[WhiteTeam "Szada GSBE"]
[BlackTeam "Budapest EAC"]
[WhiteTeamCountry "HUN"]
[BlackTeamCountry "HUN"]

1. d4 d5 2. Nf3 Bf5 3. Bf4 e6 4. e3 Nf6 5. Be2 Bd6 6. c3 0-0 7. Nbd2 c5 8. dxc5 Bxc5 9. 0-0 Nc6 10. Nb3 Bb6 11. Nbd4 Bg6 12. Ne5 Nxe5 13. Bxe5 Qe7 14. h3 Nd7 15. Bh2 e5 16. Nf3 e4 17. Nd4 Ne5 18. Qb3 Rfd8 19. Rfd1 Rac8 20. a4 Nc4 21. Bxc4 dxc4 22. Qc2 Bxd4 23. Rxd4 Rxd4 24. cxd4 Qe6 25. Qc3 b6 26. Rc1 f6 27. Qb4 Qc6 28. Bg3 Bf7 29. Rc3 Bd5 30. b3 Qe6 31. bxc4 Bxc4 32. a5 b5 33. Bd6 a6 34. Bc5 Rd8 35. Bb6 Rc8 36. Bc5 Kf7 37. Bd6 Rc6 38. Bc5 g5 39. Qb1 h5 40. Qd1 Kg6 41. g4 h4 42. Bb4 Qd5 43. Kg2 Rc7 44. Qg1 Rf7 45. Qh2 Be2 46. Qb8 Bf3+ 47. Kh2 Rd7 48. Rc8 Kg7 49. Bf8+ Kf7 50. Bc5 Qa2 51. Rf8+ Kg7 0-1

[Event "HUN-chT2 Erkel 1516"]
[Site "Hungary"]
[Date "2016.03.20"]
[Round "9.4"]
[White "Miklos, Daniel"]
[Black "Sillye, Kalman"]
[Result "0-1"]
[WhiteElo "1952"]
[BlackElo "2048"]
[PlyCount "72"]
[EventDate "2015.09.13"]
[EventType "team-tourn"]
[EventRounds "11"]
[EventCountry "HUN"]
[SourceTitle "EXT 2017"]
[Source "ChessBase"]
[SourceDate "2016.10.25"]
[SourceVersion "1"]
[SourceVersionDate "2016.10.25"]
[SourceQuality "1"]
[WhiteTeam "Salgotarjan"]
[BlackTeam "GSBE"]
[WhiteTeamCountry "HUN"]
[BlackTeamCountry "HUN"]

1. e4 c5 2. g3 Nc6 3. Bg2 g6 4. d3 Bg7 5. c3 d6 6. f4 Nh6 7. Nf3 0-0 8. 0-0 Qb6 9. Nbd2 Kh8 10. Nc4 Qc7 11. Qe2 b5 12. Ne3 Rb8 13. Nd5 Qd8 14. f5 Ng4 15. Ng5 Nf6 16. fxg6 hxg6 17. h4 Bg4 18. Bf3 Bxf3 19. Qxf3 Ne5 20. Qe2 Kg8 21. Nxf6+ exf6 22. Nh3 Qd7 23. Kg2 d5 24. Nf2 Rbd8 25. h5 dxe4 26. dxe4 Qc6 27. h6 Bh8 28. Bf4 Rfe8 29. Qe3 f5 30. h7+ Kxh7 31. Rh1+ Kg8 32. Rh4 Ng4 33. Rxh8+ Kxh8 34. Rh1+ Kg8 35. Nxg4 fxg4 36. Re1 f5 0-1

[Event "HUN-chT2 Erkel 1415"]
[Site "Hungary"]
[Date "2014.12.14"]
[Round "6.6"]
[White "Sillye, Kalman"]
[Black "Lyell, Mark"]
[Result "0-1"]
[WhiteElo "2092"]
[BlackElo "2290"]
[PlyCount "82"]
[EventDate "2014.09.28"]
[EventType "team-tourn"]
[EventRounds "9"]
[EventCountry "HUN"]
[SourceTitle "EXT 2016"]
[Source "ChessBase"]
[SourceDate "2015.10.08"]
[SourceVersion "1"]
[SourceVersionDate "2015.10.08"]
[SourceQuality "1"]
[WhiteTeam "GBSE"]
[BlackTeam "Budapest MTK"]
[WhiteTeamCountry "HUN"]
[BlackTeamCountry "HUN"]

1. d4 f5 2. Nf3 Nf6 3. Bf4 d6 4. h3 g6 5. e3 Bg7 6. Be2 0-0 7. 0-0 e6 8. c3 Qe7 9. Bh2 Nc6 10. Re1 Kh8 11. a4 e5 12. Na3 Ne4 13. Nd2 Nxd2 14. Qxd2 g5 15. Qd1 Qf7 16. Rf1 Be6 17. Bh5 Qg8 18. Bf3 e4 19. Be2 Rae8 20. c4 Bc8 21. Nb5 Re7 22. Nc3 Nb4 23. b3 Bf6 24. Na2 Nxa2 25. Rxa2 g4 26. hxg4 fxg4 27. Bf4 h5 28. g3 Bg5 29. Kg2 Bxf4 30. gxf4 h4 31. Rh1 Rh7 32. Qg1 Rff7 33. Kf1 Rfg7 34. Ke1 g3 35. Bf1 g2 36. Bxg2 Rxg2 37. Qf1 h3 38. Ra1 Bg4 39. Kd2 Bf3 40. Kc3 h2 41. b4 Rgg7 0-1

[Event "HUN-chT2 Erkel 1314"]
[Site "Hungary"]
[Date "2014.04.13"]
[Round "10.5"]
[White "Sillye, Kalman"]
[Black "Gara, Gyorgy"]
[Result "1/2-1/2"]
[WhiteElo "2081"]
[BlackElo "2132"]
[PlyCount "58"]
[EventDate "2013.09.08"]
[EventType "team-tourn"]
[EventRounds "11"]
[EventCountry "HUN"]
[SourceTitle "EXT 2016"]
[Source "ChessBase"]
[SourceDate "2015.10.08"]
[SourceVersion "1"]
[SourceVersionDate "2015.10.08"]
[SourceQuality "1"]
[WhiteTeam "Szada GSBE"]
[BlackTeam "Gyongyos Matra"]
[WhiteTeamCountry "HUN"]
[BlackTeamCountry "HUN"]

1. d4 e6 2. Nf3 f5 3. Bf4 d6 4. e3 Nf6 5. h3 b6 6. c3 c5 7. Nbd2 Qc7 8. Be2 Bb7 9. 0-0 Nc6 10. Bb5 Kf7 11. Qb3 Nd8 12. a4 h6 13. Bh2 g5 14. Bd3 Kg7 15. Qc2 Nf7 16. e4 f4 17. Rfe1 e5 18. Nc4 Rg8 19. Qe2 Kh8 20. g4 h5 21. Nfd2 exd4 22. cxd4 Re8 23. f3 Qd7 24. Qf2 Bg7 25. d5 Qe7 26. Nb3 Ne5 27. Nxe5 Qxe5 28. Bb5 Re7 29. Rad1 Bf8 1/2-1/2

[Event "HUN-chT2 Erkel 1314"]
[Site "Hungary"]
[Date "2014.02.02"]
[Round "6.6"]
[White "Grimm, Gyorgy"]
[Black "Sillye, Kalman"]
[Result "1/2-1/2"]
[WhiteElo "2007"]
[BlackElo "2081"]
[PlyCount "83"]
[EventDate "2013.09.08"]
[EventType "team-tourn"]
[EventRounds "11"]
[EventCountry "HUN"]
[SourceTitle "EXT 2016"]
[Source "ChessBase"]
[SourceDate "2015.10.08"]
[SourceVersion "1"]
[SourceVersionDate "2015.10.08"]
[SourceQuality "1"]
[WhiteTeam "Budapest EAC II"]
[BlackTeam "Szada GSBE"]
[WhiteTeamCountry "HUN"]
[BlackTeamCountry "HUN"]

1. e4 c5 2. Nf3 Nc6 3. d4 cxd4 4. Nxd4 Nf6 5. Nc3 d6 6. f3 e6 7. Be3 Be7 8. Qd2 0-0 9. 0-0-0 Bd7 10. Kb1 a6 11. g4 Nxd4 12. Bxd4 Bc6 13. h4 b5 14. Ne2 d5 15. e5 Nd7 16. f4 Bc5 17. h5 Qb6 18. g5 b4 19. Bh3 a5 20. g6 Bb5 21. gxh7+ Kxh7 22. Bxc5 Nxc5 23. Nd4 Ne4 24. Qg2 Bd7 25. Ka1 a4 26. f5 a3 27. b3 Qc7 28. Rd3 Qxe5 29. fxe6 Bb5 30. Rdd1 Nc3 31. Rd2 Ne4 32. Rdd1 Nc3 33. Rhe1 Qf6 34. Rd2 Ne4 35. Rdd1 Nc3 36. Rd2 Ne4 37. Rdd1 Nc3 38. Rd2 Ne4 39. Bf5+ Kh8 40. Rdd1 fxe6 41. Bxe6 Nc3 42. Rd2 1/2-1/2

[Event "HUN-chT2 Erkel 1314"]
[Site "Hungary"]
[Date "2013.11.17"]
[Round "5.6"]
[White "Sillye, Kalman"]
[Black "D Albini, Geza"]
[Result "1-0"]
[WhiteElo "2081"]
[BlackElo "2048"]
[PlyCount "63"]
[EventDate "2013.09.08"]
[EventType "team-tourn"]
[EventRounds "11"]
[EventCountry "HUN"]
[SourceTitle "EXT 2016"]
[Source "ChessBase"]
[SourceDate "2015.10.08"]
[SourceVersion "1"]
[SourceVersionDate "2015.10.08"]
[SourceQuality "1"]
[WhiteTeam "Szada GSBE"]
[BlackTeam "Vizugy"]
[WhiteTeamCountry "HUN"]
[BlackTeamCountry "HUN"]

1. d4 d5 2. Nf3 Nf6 3. Bf4 c6 4. c3 g6 5. h3 Bg7 6. e3 0-0 7. Be2 Qb6 8. Qb3 Qxb3 9. axb3 Nbd7 10. Nbd2 Re8 11. 0-0 h6 12. Bh2 Nf8 13. b4 Bf5 14. Nb3 g5 15. Ne5 N6d7 16. Nxd7 Bxd7 17. Nc5 Bc8 18. b5 e5 19. Bd3 Nd7 20. b4 Nxc5 21. bxc5 Bd7 22. Rfb1 f6 23. Ra2 cxb5 24. Bxb5 Bxb5 25. Rxb5 Re7 26. Rab2 Rb8 27. c6 b6 28. Rxd5 Rc8 29. Rd6 exd4 30. cxd4 f5 31. Rb1 Rec7 32. d5 1-0

[Event "HUN-chT2 Erkel 1314"]
[Site "Hungary"]
[Date "2013.11.03"]
[Round "4"]
[White "Rozsnyai, Tibor"]
[Black "Sillye, Kalman"]
[Result "1/2-1/2"]
[WhiteElo "2063"]
[BlackElo "2081"]
[PlyCount "29"]
[EventDate "2013.09.08"]
[EventType "team-tourn"]
[EventRounds "11"]
[EventCountry "HUN"]
[SourceTitle "EXT 2016"]
[Source "ChessBase"]
[SourceDate "2015.10.08"]
[SourceVersion "1"]
[SourceVersionDate "2015.10.08"]
[SourceQuality "1"]
[WhiteTeam "Budapest MAFC"]
[BlackTeam "Szada GSBE"]
[WhiteTeamCountry "HUN"]
[BlackTeamCountry "HUN"]

1. c4 Nf6 2. Nc3 c5 3. g3 d5 4. cxd5 Nxd5 5. Bg2 Nc7 6. Nf3 Nc6 7. d3 e5 8. Bg5 f6 9. Bd2 Be6 10. 0-0 Be7 11. Rc1 Qd7 12. Re1 0-0 13. Ne4 b6 14. a3 Rac8 15. Bc3 1/2-1/2

[Event "HUN-chT2 Erkel 1213"]
[Site "Hungary"]
[Date "2013.04.21"]
[Round "11.6"]
[White "Sillye, Kalman"]
[Black "Markos, Adam"]
[Result "1/2-1/2"]
[WhiteElo "2114"]
[BlackElo "2070"]
[PlyCount "103"]
[EventDate "2012.09.16"]
[EventType "team-tourn"]
[EventRounds "11"]
[EventCountry "HUN"]
[SourceTitle "EXT 2014"]
[Source "ChessBase"]
[SourceDate "2013.11.20"]
[SourceVersion "1"]
[SourceVersionDate "2013.11.20"]
[SourceQuality "1"]
[WhiteTeam "Foti"]
[BlackTeam "Dunaharaszti"]
[WhiteTeamCountry "HUN"]
[BlackTeamCountry "HUN"]

1. d4 d5 2. Nf3 Nf6 3. Bf4 c5 4. e3 Nc6 5. c3 Qb6 6. Qb3 c4 7. Qxb6 axb6 8. Na3 Ra5 9. Bc7 e6 10. Nc2 Ra6 11. Be2 Be7 12. h3 0-0 13. Nd2 Bd7 14. 0-0 Rc8 15. Bh2 Rca8 16. a3 Be8 17. Bf3 Na5 18. e4 Nb3 19. Nxb3 cxb3 20. e5 bxc2 21. exf6 Bxf6 22. Be2 R6a7 23. Bd3 Ba4 24. Rac1 Rc8 25. Rfe1 Bb3 26. Re2 Bg5 27. f4 Bf6 28. Rf2 g6 29. g4 Raa8 30. Bg3 Ba4 31. Kg2 Rc6 32. Kf3 Bg7 33. Ke3 f5 34. Bxc2 Bxc2 35. Rfxc2 Kf7 36. Re2 b5 37. Kd3 Bf6 38. Rf1 Rac8 39. Bf2 Be7 40. Be3 Rh8 41. Rg2 Rhc8 42. Rfg1 Rh8 43. Bd2 Bf6 44. Rh1 Rcc8 45. Re1 Rhe8 46. Rh1 Rh8 47. Re2 Rhe8 48. Rg2 Rh8 49. Be3 Be7 50. Rhg1 Rc6 51. Rh1 Rcc8 52. Re1 1/2-1/2

[Event "HUN-chT2 Erkel 1213"]
[Site "Hungary"]
[Date "2013.02.17"]
[Round "7.6"]
[White "Banhazi, Istvan"]
[Black "Sillye, Kalman"]
[Result "1/2-1/2"]
[WhiteElo "2062"]
[BlackElo "2114"]
[PlyCount "156"]
[EventDate "2012.09.16"]
[EventType "team-tourn"]
[EventRounds "11"]
[EventCountry "HUN"]
[SourceTitle "EXT 2014"]
[Source "ChessBase"]
[SourceDate "2013.11.20"]
[SourceVersion "1"]
[SourceVersionDate "2013.11.20"]
[SourceQuality "1"]
[WhiteTeam "Barcza"]
[BlackTeam "Foti"]
[WhiteTeamCountry "HUN"]
[BlackTeamCountry "HUN"]

1. d4 Nf6 2. c4 e5 3. dxe5 Ng4 4. e4 Nxe5 5. f4 Ng6 6. Be3 Bb4+ 7. Nd2 Qe7 8. Bd3 0-0 9. Ngf3 f5 10. Qc2 fxe4 11. Bxe4 Nxf4 12. 0-0-0 h6 13. g3 Ne6 14. Bh7+ Kh8 15. Nh4 Rf6 16. Ng6+ Rxg6 17. Bxg6 Nc6 18. Rhf1 Ne5 19. Nf3 Nxg6 20. Qxg6 Nf8 21. Qd3 d6 22. Nh4 Kg8 23. a3 Ba5 24. Qd5+ Kh7 25. Bxh6 Kxh6 26. Qxa5 Bh3 27. Rde1 Qg5+ 28. Qxg5+ Kxg5 29. Rf2 Ne6 30. Nf3+ Kg6 31. Ng1 Nc5 32. Nxh3 Nd3+ 33. Kd2 Nxe1 34. Kxe1 Re8+ 35. Kd2 Re7 36. Nf4+ Kg5 37. Nd5 Rd7 38. Rf4 c6 39. Ne3 Kg6 40. Kd3 Rd8 41. Nf5 Rd7 42. h4 b6 43. Nd4 c5 44. Ne6 Re7 45. Re4 Rf7 46. Nf4+ Kf5 47. Nd5 Kg6 48. Rf4 Rb7 49. a4 a6 50. Nc3 b5 51. axb5 axb5 52. cxb5 d5 53. Nxd5 Rxb5 54. Kc3 Rb7 55. b3 Ra7 56. Kc4 Ra5 57. Ne7+ Kh7 58. Rf5 g6 59. Rxc5 Ra1 60. Rg5 Rc1+ 61. Kb5 Rc7 62. Nxg6 Rb7+ 63. Kc4 Rc7+ 64. Rc5 Rf7 65. h5 Rf3 66. g4 Rg3 67. g5 Rh3 68. Rc7+ Kg8 69. h6 Rc3+ 70. Kd5 Rxc7 71. b4 Rc1 72. Ne7+ Kh7 73. b5 Rg1 74. g6+ Kxh6 75. b6 Rb1 76. Kc6 Kg7 77. b7 Rxb7 78. Kxb7 Kf6 1/2-1/2

[Event "HUN-chT2 Erkel 1213"]
[Site "Hungary"]
[Date "2012.10.07"]
[Round "2.7"]
[White "Mezei, Csaba"]
[Black "Sillye, Kalman"]
[Result "1-0"]
[WhiteElo "2105"]
[BlackElo "2114"]
[PlyCount "145"]
[EventDate "2012.09.16"]
[EventType "team-tourn"]
[EventRounds "11"]
[EventCountry "HUN"]
[SourceTitle "EXT 2014"]
[Source "ChessBase"]
[SourceDate "2013.11.20"]
[SourceVersion "1"]
[SourceVersionDate "2013.11.20"]
[SourceQuality "1"]
[WhiteTeam "Pestszentlorinc"]
[BlackTeam "Foti"]
[WhiteTeamCountry "HUN"]
[BlackTeamCountry "HUN"]

1. d4 Nf6 2. Bf4 c5 3. c3 d5 4. e3 Nc6 5. Nf3 Qb6 6. Qb3 c4 7. Qxb6 axb6 8. Be2 b5 9. 0-0 b4 10. cxb4 Nxb4 11. Nc3 Bf5 12. a3 Nc6 13. Nh4 Bc2 14. Rac1 Bb3 15. Nb5 Ra5 16. Nc3 e6 17. Nf3 Be7 18. Nd2 Ba4 19. h3 0-0 20. g4 Ne8 21. Bf3 Bd6 22. Bxd6 Nxd6 23. Kg2 Nb5 24. Nxa4 Rxa4 25. Nb1 Ra6 26. Bd1 Nd6 27. Nc3 b5 28. Bc2 Rfa8 29. f3 b4 30. axb4 Nxb4 31. Bb1 Rb8 32. Rf2 Ra1 33. Bxh7+ Kxh7 34. Rxa1 Nd3 35. Rd2 Nb5 36. Nd1 g5 37. Kf1 Kg6 38. Rh2 Rb6 39. Ra8 e5 40. dxe5 Nxe5 41. Kf2 Rf6 42. Ra5 Nxf3 43. Rh1 Ne5+ 44. Ke2 Rb6 45. Rf1 Nc6 46. Ra8 Nb8 47. Rf5 d4 48. Ra5 d3+ 49. Kf3 Nd6 50. Rxg5+ Kf6 51. Rgd5 Ke6 52. h4 Nc6 53. Rac5 f6 54. Kf4 Ne5 55. Rxe5+ fxe5+ 56. Rxe5+ Kf7 57. Rd5 Ke6 58. e4 Rb4 59. Ke3 Nxe4 60. Rd4 Nd6 61. h5 Rb7 62. Rf4 Ke5 63. Rf8 Rg7 64. h6 Rh7 65. g5 Nf5+ 66. Kd2 Nxh6 67. gxh6 Rxh6 68. Rf2 Kd4 69. Rf4+ Kc5 70. Kc3 Rh1 71. Rxc4+ Kb5 72. Ne3 Re1 73. Re4 1-0

[Event "HUN-chT2 Erkel 1112"]
[Site "Hungary"]
[Date "2012.04.22"]
[Round "9.2"]
[White "Sillye, Kalman"]
[Black "Biro, Zsolt"]
[Result "1/2-1/2"]
[WhiteElo "2120"]
[BlackElo "2074"]
[PlyCount "139"]
[EventDate "2011.09.25"]
[EventType "team-tourn"]
[EventRounds "11"]
[EventCountry "HUN"]
[SourceTitle "EXT 2013"]
[Source "ChessBase"]
[SourceDate "2012.11.22"]
[SourceVersion "1"]
[SourceVersionDate "2012.11.22"]
[SourceQuality "1"]
[WhiteTeam "Foti"]
[BlackTeam "Pestszentlorinc"]
[WhiteTeamCountry "HUN"]
[BlackTeamCountry "HUN"]

1. d4 Nf6 2. Nf3 g6 3. Bf4 Bg7 4. e3 c5 5. c3 Qb6 6. Qb3 Nc6 7. h3 d6 8. Nbd2 Na5 9. Qxb6 axb6 10. Be2 0-0 11. 0-0 Bd7 12. Rfe1 Rfc8 13. Bh2 Bh6 14. g4 Bg7 15. Bg3 h5 16. g5 Ne8 17. Kh2 Nc7 18. Bd3 Kf8 19. Rac1 b5 20. dxc5 dxc5 21. Be5 Nc6 22. Bxg7+ Kxg7 23. Bb1 Be6 24. a3 Rd8 25. Be4 Bd5 26. c4 bxc4 27. Bxd5 Rxd5 28. Nxc4 Ra6 29. e4 Rd3 30. Re3 Rxe3 31. Nxe3 Ne6 32. Nd5 Ra4 33. Nc3 Ra5 34. h4 b5 35. Nd5 Ra7 36. Kg3 Rd7 37. Nf4 Nxf4 38. Kxf4 c4 39. a4 Nb4 40. Rc3 Nd3+ 41. Kg3 bxa4 42. Rxc4 Nxb2 43. Rc1 Rd3 44. Ra1 a3 45. Kf4 Nc4 46. Ne5 Nxe5 47. Kxe5 Rf3 48. Ra2 f6+ 49. gxf6+ exf6+ 50. Ke6 g5 51. hxg5 fxg5 52. e5 g4 53. Kd5 h4 54. Rc2 h3 55. e6 Kf6 56. Rc7 Rd3+ 57. Ke4 Rd1 58. e7 Re1+ 59. Kf4 h2 60. e8Q Rxe8 61. Rc1 Re2 62. Kg3 Kg5 63. Kxh2 Rxf2+ 64. Kg3 Rf3+ 65. Kg2 a2 66. Rc5+ Kf4 67. Ra5 Rg3+ 68. Kh2 Rh3+ 69. Kg2 Re3 70. Rxa2 1/2-1/2

[Event "HUN-chT2 Erkel 1112"]
[Site "Hungary"]
[Date "2012.01.29"]
[Round "5.7"]
[White "Varga, Laszlo"]
[Black "Sillye, Kalman"]
[Result "1-0"]
[WhiteElo "2191"]
[BlackElo "2120"]
[PlyCount "189"]
[EventDate "2011.09.25"]
[EventType "team-tourn"]
[EventRounds "11"]
[EventCountry "HUN"]
[SourceTitle "EXT 2013"]
[Source "ChessBase"]
[SourceDate "2012.11.22"]
[SourceVersion "1"]
[SourceVersionDate "2012.11.22"]
[SourceQuality "1"]
[WhiteTeam "Ujszasz"]
[BlackTeam "Foti"]
[WhiteTeamCountry "HUN"]
[BlackTeamCountry "HUN"]

1. d4 Nf6 2. Nf3 c5 3. e3 d5 4. c4 e6 5. Nc3 cxd4 6. exd4 Be7 7. Bd3 Nc6 8. a3 0-0 9. 0-0 a6 10. c5 Ne8 11. Bc2 f5 12. b4 Bf6 13. Re1 h6 14. Bb2 g6 15. Ne5 Nxe5 16. dxe5 Bg7 17. Ne2 Nc7 18. a4 Bd7 19. Nd4 Qe8 20. f4 Qe7 21. Ba3 Qe8 22. Re3 Rf7 23. Rg3 Kh7 24. Rh3 Bf8 25. g4 Be7 26. g5 h5 27. Rc3 Kg7 28. Bb2 Qf8 29. Ba3 Qe8 30. Rb1 Bf8 31. Bb3 Be7 32. Rbc1 Bc6 33. Bb2 Qd7 34. Rh3 Rff8 35. Nf3 Rab8 36. Bd4 Rh8 37. Qc2 Rbd8 38. Nd2 Qe8 39. Nb1 Qd7 40. Nc3 Qe8 41. Ba2 Qd7 42. Rb1 Ra8 43. Qb3 Qe8 44. Rd3 Rg8 45. h4 Qd7 46. Rd2 Qe8 47. Rbb2 Kh7 48. Bb1 Qf8 49. Ne2 Qf7 50. Bd3 Rgb8 51. Kh2 Qf8 52. Rdc2 Qe8 53. b5 axb5 54. axb5 Bd7 55. Nc3 Ra5 56. Ra2 Rba8 57. b6 Rxa2 58. Rxa2 Rxa2+ 59. Qxa2 Nb5 60. Nxb5 Bxb5 61. Bc2 Qc8 62. Qa3 Qe8 63. Qb4 Qc6 64. Kg3 Bd8 65. Bb3 Be7 66. Kf2 Kg7 67. Ke3 Bd8 68. Kd2 Be7 69. Kc3 Bd8 70. Qa5 Be7 71. Kb4 Be2 72. Ba4 Qc8 73. Kc3 Kf7 74. Kd2 Bc4 75. Ke3 Bf1 76. Kd2 Bc4 77. Kc3 Be2 78. Kb4 Bd3 79. Bb5 Bxb5 80. Qxb5 Qa8 81. Qa4 Qc8 82. Qa7 Qc6 83. Qa5 Qc8 84. Qb5 Qa8 85. Kb3 Kf8 86. Bb2 Qc8 87. c6 Qe8 88. Qa4 bxc6 89. Ba3 Kf7 90. Bxe7 Kxe7 91. b7 Qd8 92. Qb4+ c5 93. Qxc5+ Kf7 94. Kb4 d4 95. Qd6 1-0

[Event "HUN-chT2 Erkel 1112"]
[Site "Hungary"]
[Date "2011.10.30"]
[Round "2.5"]
[White "Sillye, Kalman"]
[Black "Slezak, Robert"]
[Result "1-0"]
[WhiteElo "2120"]
[BlackElo "2104"]
[PlyCount "153"]
[EventDate "2011.09.25"]
[EventType "team-tourn"]
[EventRounds "11"]
[EventCountry "HUN"]
[SourceTitle "EXT 2013"]
[Source "ChessBase"]
[SourceDate "2012.11.22"]
[SourceVersion "1"]
[SourceVersionDate "2012.11.22"]
[SourceQuality "1"]
[WhiteTeam "Foti"]
[BlackTeam "Vaci"]
[WhiteTeamCountry "HUN"]
[BlackTeamCountry "HUN"]

1. d4 Nf6 2. Nf3 g6 3. Bf4 Bg7 4. e3 d6 5. h3 0-0 6. Be2 c5 7. c3 Qb6 8. Qb3 cxd4 9. Qxb6 axb6 10. exd4 Nc6 11. Nbd2 b5 12. Bxb5 e5 13. dxe5 Nd5 14. Bh2 Nxe5 15. Nxe5 dxe5 16. 0-0 Nc7 17. Be2 Be6 18. a3 Rad8 19. Rad1 Rd6 20. Nc4 Rxd1 21. Rxd1 f6 22. Nb6 Na6 23. Rd6 Bb3 24. Bc4+ Bxc4 25. Nxc4 Nc5 26. Nb6 Re8 27. f3 f5 28. Rd5 Nb3 29. Kf2 e4 30. fxe4 fxe4 31. Bf4 Na1 32. Ke2 Nc2 33. Nc4 Rf8 34. Be3 Rc8 35. Nd2 Nxe3 36. Kxe3 Bxc3 37. bxc3 Rxc3+ 38. Kxe4 Rxa3 39. Nf3 Ra2 40. Rd2 Ra4+ 41. Kd5 Rf4 42. Rb2 Rf7 43. Ne5 Rf5 44. Rxb7 Rf2 45. g4 Rh2 46. Rb3 Kg7 47. Rb7+ Kg8 48. Rb3 Kg7 49. Rf3 Ra2 50. Ke4 Ra4+ 51. Ke3 Ra5 52. Kf4 Ra4+ 53. Kg3 Ra5 54. Nc6 Ra1 55. Nd4 Rg1+ 56. Kf4 h6 57. Rb3 Rf1+ 58. Nf3 Kf6 59. Rb6+ Kg7 60. Kg3 Ra1 61. h4 Ra3 62. Rd6 Rb3 63. Rd7+ Kg8 64. Kf4 Rb4+ 65. Rd4 Rb6 66. g5 hxg5+ 67. Kxg5 Kf7 68. Ne5+ Ke6 69. Nxg6 Rb5+ 70. Kh6 Kf5 71. Rd5+ Rxd5 72. Ne7+ Ke6 73. Nxd5 Kxd5 74. Kg7 Ke6 75. h5 Kf5 76. h6 Kg5 77. h7 1-0

[Event "HUN-chT2 Erkel 1112"]
[Site "Hungary"]
[Date "2011.09.25"]
[Round "1.5"]
[White "Repasi, Zoltan Jr"]
[Black "Sillye, Kalman"]
[Result "1/2-1/2"]
[WhiteElo "2188"]
[BlackElo "2120"]
[PlyCount "111"]
[EventDate "2011.09.25"]
[EventType "team-tourn"]
[EventRounds "11"]
[EventCountry "HUN"]
[SourceTitle "EXT 2013"]
[Source "ChessBase"]
[SourceDate "2012.11.22"]
[SourceVersion "1"]
[SourceVersionDate "2012.11.22"]
[SourceQuality "1"]
[WhiteTeam "Dunaharaszti"]
[BlackTeam "Foti"]
[WhiteTeamCountry "HUN"]
[BlackTeamCountry "HUN"]

1. d4 Nf6 2. c4 e5 3. dxe5 Ng4 4. Bf4 Nc6 5. Nf3 Bb4+ 6. Nbd2 Qe7 7. e3 0-0 8. Be2 Ngxe5 9. 0-0 Bxd2 10. Nxe5 Nxe5 11. Qxd2 d6 12. Qc3 b6 13. c5 bxc5 14. Bxe5 dxe5 15. Rfc1 Bb7 16. Qxc5 Qg5 17. Bf1 h6 18. Qxc7 Rab8 19. Qa5 Ba8 20. b3 Rb6 21. Rc5 Re8 22. f4 Qf6 23. Rxe5 Rxe5 24. Qxe5 Qxe5 25. fxe5 Be4 26. Rc1 a5 27. Rc7 Bb1 28. Bc4 Bxa2 29. Rxf7 Kh7 30. e6 Bxb3 31. e7 Bxc4 32. e8Q Rb1+ 33. Kf2 Rf1+ 34. Kg3 Bxf7 35. Qe5 Rf6 36. Qxa5 Rg6+ 37. Kf2 Rf6+ 38. Ke2 Bc4+ 39. Kd2 Rf2+ 40. Kc3 Bf1 41. g3 Bh3 42. Kd4 Rxh2 43. e4 Bg4 44. e5 Re2 45. Qc3 Kg6 46. Kd5 h5 47. Kd6 Kf7 48. Qc7+ Kg6 49. Ke7 Kf5 50. Kf7 Rxe5 51. Qc2+ Re4 52. Qf2+ Kg5 53. Qd2+ Kf5 54. Qd5+ Re5 55. Qd3+ Re4 56. Qd5+ 1/2-1/2

[Event "HUN-chT2 Erkel 1011"]
[Site "Hungary"]
[Date "2011.05.15"]
[Round "11.5"]
[White "Sillye, Kalman"]
[Black "Egyed, Andras"]
[Result "1/2-1/2"]
[WhiteElo "2094"]
[BlackElo "2297"]
[PlyCount "118"]
[EventDate "2010.09.12"]
[EventType "team-tourn"]
[EventRounds "11"]
[EventCountry "HUN"]
[SourceTitle "EXT 2012"]
[Source "ChessBase"]
[SourceDate "2011.11.24"]
[SourceVersion "1"]
[SourceVersionDate "2011.11.24"]
[SourceQuality "1"]
[WhiteTeam "Foti"]
[BlackTeam "Paszto"]
[WhiteTeamCountry "HUN"]
[BlackTeamCountry "HUN"]

1. d4 Nf6 2. Bf4 d6 3. e3 Nbd7 4. Nf3 Nh5 5. Bg5 h6 6. Bh4 g5 7. Nfd2 Ng7 8. Bg3 Nf5 9. Bd3 Nxg3 10. hxg3 Bg7 11. c3 e6 12. Qe2 Qe7 13. a4 c6 14. Na3 e5 15. Bf5 d5 16. dxe5 Qxe5 17. Bc2 Qe7 18. Nf3 Nc5 19. Nd4 Ne4 20. a5 a6 21. Bxe4 Qxe4 22. Qf3 Qg6 23. g4 Bxd4 24. exd4 f5 25. gxf5 Bxf5 26. Qh5 Kf7 27. Qxg6+ Kxg6 28. Kd2 Rae8 29. Rae1 h5 30. Nc2 Bxc2 31. Kxc2 Rhf8 32. Rxe8 Rxe8 33. Kd2 h4 34. Rh3 Rh8 35. f3 Kf5 36. Ke2 b6 37. axb6 Rb8 38. b4 Rxb6 39. g3 hxg3 40. Rxg3 a5 41. bxa5 Ra6 42. Kd3 Rxa5 43. Rg1 Ra4 44. Rg3 Ra8 45. Rg1 Rg8 46. Rg4 Rc8 47. Rg1 Rh8 48. Rg3 Rh2 49. Ke3 Rh4 50. Rg1 Rh3 51. Rg4 Rh4 52. Rg3 c5 53. dxc5 Rc4 54. Kd3 Rxc5 55. Rg4 Rc8 56. Rd4 Ke5 57. Rg4 Kf5 58. Rd4 Ke5 59. Rg4 Kf5 1/2-1/2